000 00522nam a2200169Ia 4500
999 _c25935
_d25935
003 OSt
005 20201201120224.0
008 190216s9999||||xx |||||||||||||| ||und||
040 _coclc
082 _a894.8123
_bPIL/A
100 _aPillai, Thakazhi Shivashankara
_9418
245 0 _aAnubhavangal Paalichakal /
_cThakazhi Shivashankara Pillai
260 _bD C Books Kerala,
_c1976.
_aKottayam:
300 _a187p
650 _aMalayalam Novel
942 _cBK
_2ddc
_h894.8123
_iPIL/A
_k894.8123
_mPIL/A